000 00629nam a2200229Ia 4500
003 OSt
005 20221006165050.0
006 a|||||r|||| 00| 0
007 ta
008 221006b |||||||| |||| 00| 0 hin d
024 _a4,311
037 _cTextual
040 _aFML
_cFML
_bhin
041 _2hin
_ahin
082 _aO152, N1
100 _aGoswami Shrihit Harivansh Au.
_9679014
245 0 _aShrihit Chaurasi evam Sphut Vaani
260 _aVrindavan
_bVenu Publication India
_c1991
300 _a244
_ccm.
942 _hO152, N1
_cTEXL
_2CC
999 _c1119473
_d1119473